| 000 | 01749pam a2200517 i 4500 | ||
|---|---|---|---|
| 999 |
_c173136 _d173136 |
||
| 001 | vtls000757522 | ||
| 003 | PNM | ||
| 005 | 20190624124345.0 | ||
| 008 | 141111t20152010my a g 001 0 may | ||
| 015 | _aM15-03866 | ||
| 020 |
_a9789670798264 _qpaperback _cRM25.00 |
||
| 039 | 9 |
_a201509301632 _bazeantie _c201506241156 _daidayas _c201505111533 _damy_z _c201504010841 _dnorsyahiza |
|
| 040 |
_aBNM _beng _cBNM _dPPAK _erda |
||
| 049 | _aklpmal | ||
| 082 | 0 | 4 |
_a520 _223 |
| 090 | 0 | 0 |
_a520 _bGRE _dK |
| 100 | 1 |
_aGreen, Dan, _eauthor. |
|
| 245 | 1 | 0 |
_aASTRONOMI YANG MENAKJUBKAN! / _cDAN GREEN ; Penterjemah : Ani Izzuani Mohd Kassim, Nur Ain Hafiza Mat Jusoh |
| 246 | 3 | 3 |
_iTranslation of : _aAstronomy out of this world! |
| 264 | 1 |
_aKuala Lumpur : _bInstitut Terjemahan & Buku Malaysia, _c2015 |
|
| 264 | 4 | _c©2010 | |
| 300 |
_a128 pages : _bcolour illustrations ; _c13 cm. |
||
| 336 |
_atext _2rdacontent |
||
| 337 |
_aunmediated _2rdamedia |
||
| 338 |
_avolume _2rdacarrier |
||
| 490 | 1 | _aSiri Kenali Sains | |
| 500 | _aIncludes index | ||
| 650 | 1 | 0 |
_aAstronomy _vJuvenile literature |
| 650 | 2 | 0 |
_aSpace sciences _vJuvenile literature |
| 700 | 0 |
_aAni Izzuani Mohd Kassim, _etranslator. |
|
| 700 | 0 |
_aNur Ain Hafiza Mat Jusoh, _etranslator. |
|
| 830 | 0 | _aSiri kenali sains | |
| 942 |
_2ddc _cB |
||
| 949 |
_61001326925 _e2342385 |
||
| 949 |
_61001326926 _e2342386 |
||
| 949 |
_61001326927 _e2342387 |
||
| 949 |
_61001326928 _e2342383 |
||
| 949 |
_61001326929 _e2342384 |
||
| 949 |
_61001326930 _e2342381 |
||
| 949 |
_61001326931 _e2342382 |
||
| 949 |
_61001326932 _e2342380 |
||
| 949 |
_61001326933 _e2342379 |
||
| 949 |
_61001326934 _e2342388 _s2101:20181210 |
||
| 949 |
_62000069425 _a520 GRE M |
||
| 949 |
_62000069426 _a520 GRE M |
||